Normal view MARC view
  • Williams, Chris,

Entry Personal Name

Number of records used in: 1

001 - CONTROL NUMBER

  • control field: 90067

003 - CONTROL NUMBER IDENTIFIER

  • control field: NUST

005 - DATE AND TIME OF LATEST TRANSACTION

  • control field: 20220301130640.0

008 - FIXED-LENGTH DATA ELEMENTS

  • fixed length control field: 220301|| aca||aabn | a|a d

040 ## - CATALOGING SOURCE

  • Original cataloging agency: NUST
  • Transcribing agency: NUST

100 ## - HEADING--PERSONAL NAME

  • Personal name: Williams, Chris,
  • Dates associated with a name: 1964-
  • Title of a work: Overcoming depression

670 ## - SOURCE DATA FOUND

  • Source citation: Work cat.: (NUST)0: Williams, Chris, 1964- 90065, Overcoming depression and low mood :, 2006.
© 2023 Central Library, National University of Sciences and Technology. All Rights Reserved.